Loreto College Library, Kolkata
WEBOPAC (ONLINE PUBLIC ACCESS CATALOGUE)

Puranakosa (Record no. 41766)

MARC details
000 -LEADER
fixed length control field 00615nam a22002057a 4500
005 - DATE AND TIME OF LATEST TRANSACTION
control field 20180809140236.0
008 - FIXED-LENGTH DATA ELEMENTS--GENERAL INFORMATION
fixed length control field 180809b xxu||||| |||| 00| 0 eng d
020 ## - ISBN | অাই এস বি এন
ISBN | অাই এস বি এন 9788179552759
PRICE ₹ 800.00
040 ## - CATALOGING SOURCE
Original cataloging agency Loreto College
Language of cataloging eng
041 ## - LANGUAGE CODE
Language code Bengali
082 ## - DDC | ডিউই
Classification number | বর্গসংখ্যা 491.4403
Book Number | গ্রন্থাঙ্ক BHA
245 ## - TITLE STATEMENT | অাখ্যা বিবরণী
Title | অাখ্যা Puranakosa
Sub title | উপঅাখ্যা (Mahabharata-Ramayana-Mukhyo puran)
Statement of responsibility | লেখকের দায়িত্বের বিবরণ Edited by Nrisinha Prasad Bhaduri
260 ## - IMPRINT | প্রকাশনা ক্ষেত্র
Place of publication | প্রকাশ স্থান Kolkata
Name of publisher | প্রকাশকের নাম Sahitya Sansad
Date of publication | প্রকাশ কাল 2016
300 ## - PHYSICAL DESCRIPTION |
Page / Vol. No | পৃষ্ঠা / খন্ড সংখ্যা 840 p.;vol. I
Other physical details | অনান্য বাহ্যিক বিবরণ 26 cm.
650 ## - SUBJECT ADDED ENTRY--TOPICAL TERM | বিষয় শিরোনাম - মূল বিষয়
Topical term | মূল বিষয় Puranas-Encyclopedia in Bengali
650 ## - SUBJECT ADDED ENTRY--TOPICAL TERM | বিষয় শিরোনাম - মূল বিষয়
Topical term | মূল বিষয় Puranakosa
700 ## - ADDED ENTRY--PERSONAL NAME | অতিরিক্ত সংলেখ - ব্
Relator code | দায়িত্ব নির্দেশক ed.
Personal name | ব্যাক্তিনাম Bhaduri, Nrisinha Prasad
850 ## - HOLDING INSTITUTION
Holding institution LCLIB
942 ## - ADDED ENTRY ELEMENTS (KOHA)
Koha item type Books
Holdings
Withdrawn status Lost status Source of classification Damaged status Not for loan Home library Current library Date acquired Price Total Checkouts Full call number Accession No. Date last seen Price effective from Koha item type
    Dewey Decimal Classification     Loreto College Loreto College 09/08/2018 0.00   491.4403 BHA 52570 45694 09/08/2018 09/08/2018 Books